000 02482cam a22003374a 4500
999 _c330290
_d330290
001 14927688
003 NUST
005 20170616112805.0
008 070713s2006 ne a b 000 0 eng c
010 _a 2007451136
016 7 _a101288007
_2DNLM
020 _z9781402040573 (HB : alk. paper)
020 _a1402040571 (HB : alk. paper)
020 _z9781402040580 (e-book)
020 _a140204058X (ebook)
035 _a(CStRLIN)CSUGA6532835-B
040 _aOHX
_cNLM
_dOHX
_dBAKER
_dABC
_dYDXCP
_dLHL
_dDLC
042 _apcc
050 0 0 _aR857.B54
_bB535 2006
082 _a610.28 JER
245 0 0 _aBiosensing :
_binternational research and development /
_cJerome Schultz ... [et al.].
260 _aDordrecht :
_bSpringer,
_c2006.
300 _axxix, 387 p. :
_bill. ;
_c25 cm.
500 _aP.B
504 _aIncludes bibliographical references.
505 0 _aExecutive summary -- 1. Infrastructure overview / Jerome Schultz -- 2. Optical biosensing / David R. Walt -- 3. Electro-based sensors and surface engineering / Milan Mrksich -- 4. Cell and tissue-based sensors / Sangeeta N. Bhatia -- 5. Mass spectrometry and biosensing research / Charles L. Wilkins -- 6. Microfabricated biosensing devices: MEMS, microfluidics, and mass sensors / Antonio J. Ricco -- 7. Information systems for biosensing / David J. Brady -- Appendices. A. Panel biographies ; B. Site reports: Europe and Australia ; C. Site reports: Japan ; D. NIH grants related to biosensing, CY2002 ; E. NSF-sponsored projects related to biosensing, CY2002 ; F. DOD/DARPA programs related to biosensing ; G.U.S. Army Research Office-funded projects related to biosensing, as of March 2004 ; H.U.S. Department of Energy research related to biosensing (1999) ; I. European Union 6th Framework Programme (2002-2006) ; J. Europe and Japan patents related to biosensing, 1999-2003 ; K. Bibliometric study of world biosensors research, 1997-2002 ; L. Glossary.
650 0 _aBiosensors
_xResearch.
_92819
700 1 _aSchultz, J. S.
_q(Jerome Samson),
_d1933-
_92820
856 4 2 _3Publisher description
_uhttp://www.loc.gov/catdir/enhancements/fy0824/2007451136-d.html
856 4 1 _3Table of contents only
_uhttp://www.loc.gov/catdir/enhancements/fy0824/2007451136-t.html
906 _a7
_bcbc
_cpccadap
_d3
_encip
_f20
_gy-gencatlg
942 _2ddc
_cBK
_kIESE